Städte mit "I" - Statistiken

Allgemein
  • Dieses Quiz wurde 72 mal gespielt
  • Das Durchschnittsergebnis liegt bei 8 aus 29
Antwortstatistiken
Land Stadt % Korrekt
Deutschland 🇩🇪 Ingolstadt
90%
Österreich 🇦🇹 Innsbruck
75%
Pakistan 🇵🇰 Islamabad
63%
Japan 🇯🇵 Ise
60%
Türkei 🇹🇷 Izmir
60%
Türkei 🇹🇷 Istanbul
58%
Deutschland 🇩🇪 Iserlohn
54%
USA 🇺🇸 Indianapolis
52%
Japan 🇯🇵 Iida
33%
Russland 🇷🇺 Irkutsk
29%
Deutschland 🇩🇪 Ibbenbüren
27%
Deutschland 🇩🇪 Ilmenau
25%
Iran 🇮🇷 Isfahan
25%
Deutschland 🇩🇪 Itzehoe
25%
Südkorea 🇰🇷 Incheon
17%
Großbritannien 🇬🇧 Ipswich
17%
Griechenland 🇬🇷 Iraklio
15%
Nigeria 🇳🇬 Ibadan
10%
Spanien 🇪🇸 Ibiza - Stadt
10%
Italien 🇮🇹 Imola
10%
Deutschland 🇩🇪 Isny
10%
Spanien 🇪🇸 Irun
6%
Indien 🇮🇳 Indore
2%
Russland 🇷🇺 Ischewsk
2%
Japan 🇯🇵 Iga
0%
Deutschland 🇩🇪 Iphofen
0%
Japan 🇯🇵 Iruma
0%
Japan 🇯🇵 Iwaki
0%
Japan 🇯🇵 Izumi
0%
Keine übereinstimmenden Quizze gefunden
Verteilung der Resultate
Anzahl Personen mit jedem Resultat
Perzentil nach korrekt beantworteten Fragen
Ihre Resultats-Entwicklung
Sie haben dieses Quiz noch nicht gespielt